KOHA-Header-6

CCIE Security Practice Labs (Record no. 6337)

000 -LEADER
fixed length control field 00265nam a2200109Ia 4500
100 ## - MAIN ENTRY--AUTHOR NAME
Personal name Bhaiji,Yusuf
245 #0 - TITLE STATEMENT
Title CCIE Security Practice Labs
260 ## - PUBLICATION, DISTRIBUTION, ETC. (IMPRINT)
Place of publication New york
Name of publisher Prentice Hall
Year of publication 2004
300 ## - PHYSICAL DESCRIPTION
Number of Pages 517
942 ## - ADDED ENTRY ELEMENTS (KOHA)
Koha item type Books
Holdings
Withdrawn status Lost status Collection code Permanent Location Current Location Shelving location Date acquired Full call number Accession Number Koha item type
    Computer Networking MAJU MAJU   2019-09-07 621.3 3727 Computer Networking

Powered by Koha